Competitiveness of tourism destination A case study of Hoi An, Vietnam

Bibliographic Details
Main Author: Dinh Thi Khanh Ha
Other Authors: Kovács dr. Miklós
Format: Thesis
Kulcsszavak:Competitiveness
tourism destination
Hoi An
Online Access:http://dolgozattar.uni-bge.hu/15926

MARC

LEADER 00000nta a2200000 i 4500
001 dolg15926
005 20180919135744.0
008 180510suuuu hu om 000 eng d
040 |a BGE Dolgozattár Repozitórium  |b hun 
041 |a en 
100 1 |a Dinh Thi Khanh Ha 
245 1 0 |a Competitiveness of tourism destination  |b A case study of Hoi An, Vietnam  |c Dinh Thi Khanh Ha  |h [elektronikus dokumentum] 
246 1 1 |a Comptetitiveness of tourism destination: A case study of Hoi An, Vietnam 
695 |a Competitiveness 
695 |a tourism destination 
695 |a Hoi An 
700 1 |a Kovács dr. Miklós  |e ths 
856 4 0 |u http://dolgozattar.uni-bge.hu/15926/1/Dinh%20Thi%20Khanh%20Ha%20-%20Competitiveness%20of%20Hoi%20An%20tourism%20destination.pdf  |z Dokumentum-elérés